[Event "Quebec-ch qual2"]
[Site "Montreal"]
[Date "2005.05.15"]
[Round "5"]
[White "Anastasovski, Nikola"]
[Black "Germain, Max Jr"]
[Result "1-0"]
[WhiteElo "2189"]
[BlackElo "1579"]
[PlyCount "55"]
[EventDate "2005.05.13"]
[EventType "swiss"]
[EventRounds "5"]
[EventCountry "CAN"]
[SourceTitle "CBM 106 Extra"]
[Source "ChessBase"]
[SourceDate "2005.07.01"]
[SourceVersion "1"]
[SourceVersionDate "2005.07.01"]
[SourceQuality "1"]

1. e4 c5 2. c4 g6 3. Nc3 Nc6 4. g3 Bg7 5. Bg2 d6 6. d3 e6 7. Nge2 Nge7 8. Be3 b6 9. Qd2 0-0 10. Bh6 Bb7 11. h4 Nd4 12. 0-0-0 Nef5 13. Bxg7 Nxe2+ 14. Nxe2 Nxg7 15. g4 f5 16. h5 g5 17. h6 Ne8 18. gxf5 exf5 19. f3 f4 20. Rdg1 Nc7 21. Rh5 Ne6 22. Bh3 Bc8 23. Bxe6+ Bxe6 24. Nxf4 Qf6 25. Rhxg5+ Kh8 26. Nxe6 Qxe6 27. Rf5 Rg8 28. Qc3+ 1-0